Dáma s kaméliami /
Smutný príbeh o láske mladého muža Armanda Duvala z dobrej rodiny ku krásnej dievčine Marguerite Gautierovej, ktorá sa v Paríži preslávila ako kurtizána. Mladý muž s ňou odchádza na vidiek a dievčina úplne zmení svoj život. Ich láska sa však stretáva s nevôľou Armandovho otca. Obáva sa, že románik o...
Uloženo v:
| Hlavní autor: | |
|---|---|
| Médium: | E-kniha |
| Jazyk: | Czech |
| Vydáno: |
Praha :
Albatros Media Slovakia s.r.o.,
2025
|
| Tagy: |
Žádné tagy |
| LEADER | 01547nam a22002297i 4500 | ||
|---|---|---|---|
| 001 | 302717 | ||
| 007 | ta | ||
| 008 | 260514s2025 xr ||||| |||| 00| 0 cze d | ||
| 020 | |a 9788056648094 | ||
| 044 | |a xr | ||
| 100 | 1 | |a Dumas, Alexander |4 aut | |
| 245 | 1 | 0 | |a Dáma s kaméliami / |c Dumas, Alexander |
| 240 | 1 | 0 | |a La Dame aux Camélias |
| 264 | 1 | |a Praha : |b Albatros Media Slovakia s.r.o., |c 2025 | |
| 300 | |a 1 online zdroj (256 stran) | ||
| 336 | |a text |b txt |2 rdacontent | ||
| 337 | |a bez média |b n |2 rdamedia | ||
| 338 | |a online zdroj |b cr |2 rdacarrier | ||
| 520 | 2 | |a Smutný príbeh o láske mladého muža Armanda Duvala z dobrej rodiny ku krásnej dievčine Marguerite Gautierovej, ktorá sa v Paríži preslávila ako kurtizána. Mladý muž s ňou odchádza na vidiek a dievčina úplne zmení svoj život. Ich láska sa však stretáva s nevôľou Armandovho otca. Obáva sa, že románik ohrozí dobré meno rodiny. Marguerite sa pre milenca obetuje: predstiera, že ho už nemiluje, a vracia sa k svojmu predchádzajúcemu životu. Armand verí, že ho zradila. Pravdu sa dozvie až na jej smrteľnej posteli. | |
| 910 | |a RBIT002 | ||
| 998 | |d 426974 |a https://core.palmknihy.cz/api/books/426974/cover?tesgi8 |b https://core.palmknihy.cz/api/books/426974/cover/400?tesgi8 |c https://core.palmknihy.cz/api/books/426974/cover/50?tesgi8 |e 2033-12-31 |g 256 |i 9788056648094 |j https://core.palmknihy.cz/api/books/426974/preview.epub |k https://core.palmknihy.cz/api/books/426974/preview.pdf |l |q 49 |r 1 |s https://www.palmknihy.cz/kniha/426974 |t ebook |y 2025 |z 1 | ||
| 999 | |d 302715 | ||